Ostpreussen : Land des Bernsteins /

Saved in:
நூற்பட்டியல் விவரங்கள்
தலைமை எழுத்தாளர்: Hermanowski, Georg.
வடிவம்: புத்தகம்
மொழி:German
வெளியீடப்பட்டது: Würzburg : Flechsig, 1997.
பகுதிகள்:
குறியீடுகள்: குறிச்சொல் இணை
குறியீடுகள் இல்லை, இந்த குறிச்சொல்லை முதலில் பதிவு செய்யுங்கள்!
LEADER 00612nam a2200193 a 4500
001 007776312-2
005 20020606104010.5
008 980429s1997 gw a 000|0 ger d
020 |a 3881891501 
035 0 |a ocm45089262 
043 |a e-pl---  |a e-ur-ru 
100 1 |a Hermanowski, Georg. 
245 1 0 |a Ostpreussen :  |b Land des Bernsteins /  |c Georg Hermanowski. 
260 |a Würzburg :  |b Flechsig,  |c 1997. 
300 |a 216 p. :  |b ill. (some col.) ;  |c 24 x 25 cm. 
651 0 |a Prussia, East (Poland and Russia)  |x History. 
651 0 |a Prussia, East (Poland and Russia)  |x Description and travel. 
988 |a 20020608 
906 |0 MH